MARC details
| 000 -CABECERA |
| campo de control de longitud fija |
01984nam a22002897a 4500 |
| 008 - DATOS DE LONGITUD FIJA--INFORMACIÓN GENERAL |
| campo de control de longitud fija |
251114b |||||||| |||| 00| 0 eng d |
| 020 ## - NÚMERO INTERNACIONAL ESTÁNDAR DEL LIBRO |
| Número Internacional Estándar del Libro |
9781035009640 |
| 040 ## - FUENTE DE LA CATALOGACIÓN |
| Centro/agencia transcriptor |
TBS |
| 050 ## - SIGNATURA TOPOGRÁFICA DE LA BIBLIOTECA DEL CONGRESO |
| Número de clasificación |
PL872.5.A74 |
| Número de documento/Ítem |
K3713 2024 |
| 100 ## - ENTRADA PRINCIPAL--NOMBRE DE PERSONA |
| Nombre de persona |
Kashiwai, Hisashi |
| Fechas asociadas al nombre |
1952- |
| 9 (RLIN) |
26167 |
| Término indicativo de función/relación |
author |
| 240 ## - TÍTULO UNIFORME |
| Título uniforme |
Kamogawa shokudō okawari. |
| Lenguaje de la obra |
English |
| 245 ## - MENCIÓN DE TÍTULO |
| Título |
The restaurant of lost recipes |
| Mención de responsabilidad, etc. |
/ Hisashi Kashiwai ; translated by Jesse Kirkwood. |
| 260 ## - PUBLICACIÓN, DISTRIBUCIÓN, ETC. |
| Lugar de publicación, distribución, etc. |
New York, NY : |
| Nombre del editor, distribuidor, etc. |
Pan Books, |
| Fecha de publicación, distribución, etc. |
2025. |
| 300 ## - DESCRIPCIÓN FÍSICA |
| Extensión |
212 pages ; |
| Dimensiones |
20 cm. |
| 490 ## - MENCIÓN DE SERIE |
| Mención de serie |
Kamogawa food detectives novel ; |
| Designación de volumen o secuencia |
bk 2 |
| 520 ## - SUMARIO, ETC. |
| Sumario, etc. |
We all hold lost recipes in our hearts. A very special restaurant in Kyoto helps find them ... Tucked away down a Kyoto backstreet lies the extraordinary Kamogawa Diner, run by Chef Nagare and his daughter, Koishi. The father-daughter duo have reinvented themselves as "food detectives," offering a service that goes beyond cooking mouth-watering meals. Through their culinary sleuthing, they revive lost recipes and rekindle forgotten memories. From the Olympic swimmer who misses his estranged father's bento lunchbox to the one-hit-wonder pop star who remembers the tempura she ate to celebrate her only successful record, each customer leaves the diner forever changed -- though not always in the ways they expect ... The Kamogawa Diner doesn't just serve meals -- it's a door to the past through the miracle of delicious food. A beloved bestseller in Japan, 'The Restaurant of Lost Recipes' is a tender and healing novel for fans of 'Before the Coffee Gets Cold'. |
| 650 #0 - PUNTO DE ACCESO ADICIONAL DE MATERIA--TÉRMINO DE MATERIA |
| Término de materia o nombre geográfico como elemento de entrada |
Fathers and daughters |
| Subdivisión de forma |
Fiction |
| 9 (RLIN) |
22885 |
| 650 #0 - PUNTO DE ACCESO ADICIONAL DE MATERIA--TÉRMINO DE MATERIA |
| Término de materia o nombre geográfico como elemento de entrada |
Food |
| Subdivisión de forma |
Fiction |
| 9 (RLIN) |
26510 |
| 650 #0 - PUNTO DE ACCESO ADICIONAL DE MATERIA--TÉRMINO DE MATERIA |
| Término de materia o nombre geográfico como elemento de entrada |
Formulas, recipes, etc. |
| Subdivisión de forma |
Fiction |
| 9 (RLIN) |
26511 |
| 650 #0 - PUNTO DE ACCESO ADICIONAL DE MATERIA--TÉRMINO DE MATERIA |
| Término de materia o nombre geográfico como elemento de entrada |
Happiness |
| Subdivisión de forma |
Fiction |
| 9 (RLIN) |
26512 |
| 650 #0 - PUNTO DE ACCESO ADICIONAL DE MATERIA--TÉRMINO DE MATERIA |
| Término de materia o nombre geográfico como elemento de entrada |
Memory |
| Subdivisión de forma |
Fiction |
| 9 (RLIN) |
10588 |
| 650 #0 - PUNTO DE ACCESO ADICIONAL DE MATERIA--TÉRMINO DE MATERIA |
| Término de materia o nombre geográfico como elemento de entrada |
Restaurants |
| Subdivisión geográfica |
Japan |
| Subdivisión de forma |
Fiction |
| 9 (RLIN) |
26513 |
| 651 #0 - PUNTO DE ACCESO ADICIONAL DE MATERIA--NOMBRE GEOGRÁFICO |
| Nombre geográfico |
Kyoto (Japan) |
| Subdivisión de forma |
Fiction |
| 9 (RLIN) |
26514 |
| 655 #0 - TÉRMINO DE INDIZACIÓN--GÉNERO/FORMA |
| Datos o término principal de género/forma |
Detective and mystery fiction |
| 9 (RLIN) |
23664 |
| 700 ## - ENTRADA AGREGADA--NOMBRE PERSONAL |
| Nombre de persona |
Kirkwood, Jesse |
| 9 (RLIN) |
26515 |
| Término indicativo de función/relación |
translator |
| 942 ## - ELEMENTOS DE ENTRADA AGREGADA (KOHA) |
| Fuente del sistema de clasificación o colocación |
Clasificación de Library of Congress |